<?xml version="1.0" encoding="UTF-8"?>
<record
    xmlns:xsi="http://www.w3.org/2001/XMLSchema-instance"
    xsi:schemaLocation="http://www.loc.gov/MARC21/slim http://www.loc.gov/standards/marcxml/schema/MARC21slim.xsd"
    xmlns="http://www.loc.gov/MARC21/slim">

  <leader>00628cam a2200193   4500</leader>
  <controlfield tag="001">BIIH007096</controlfield>
  <controlfield tag="008">       1982                        spa  </controlfield>
  <datafield tag="020" ind1=" " ind2=" ">
    <subfield code="a">84-89401-03-9</subfield>
  </datafield>
  <datafield tag="035" ind1=" " ind2=" ">
    <subfield code="a">BIIH007096</subfield>
  </datafield>
  <datafield tag="050" ind1=" " ind2="4">
    <subfield code="a">HC141</subfield>
    <subfield code="b">C45 1982</subfield>
  </datafield>
  <datafield tag="245" ind1=" " ind2="0">
    <subfield code="a">Centro America : condiciones para su integracion /</subfield>
    <subfield code="c">Jose Miguel Alfaro ... [et al.] ; ed. Francisco Rojas Aravena.</subfield>
  </datafield>
  <datafield tag="260" ind1=" " ind2=" ">
    <subfield code="a">San Jose, Costa Rica :</subfield>
    <subfield code="b">Flacso : EUNED,</subfield>
    <subfield code="c">1982</subfield>
  </datafield>
  <datafield tag="300" ind1=" " ind2=" ">
    <subfield code="a">166 p. ;</subfield>
    <subfield code="c">21 cm.</subfield>
  </datafield>
  <datafield tag="500" ind1=" " ind2=" ">
    <subfield code="a">1 ejemplar</subfield>
  </datafield>
  <datafield tag="504" ind1=" " ind2=" ">
    <subfield code="a">Incluye bibliografias</subfield>
  </datafield>
  <datafield tag="700" ind1="1" ind2=" ">
    <subfield code="a">Alfaro, Jose Miguel,</subfield>
    <subfield code="e">coaut.</subfield>
  </datafield>
  <datafield tag="700" ind1="1" ind2=" ">
    <subfield code="a">Rojas Aravena, Francisco,</subfield>
    <subfield code="e">ed.</subfield>
  </datafield>
  <datafield tag="942" ind1=" " ind2=" ">
    <subfield code="2">lcc</subfield>
    <subfield code="c">LIB</subfield>
  </datafield>
  <datafield tag="999" ind1=" " ind2=" ">
    <subfield code="c">66160</subfield>
    <subfield code="d">66160</subfield>
  </datafield>
  <datafield tag="952" ind1=" " ind2=" ">
    <subfield code="1">0</subfield>
    <subfield code="2">lcc</subfield>
    <subfield code="4">0</subfield>
    <subfield code="7">0</subfield>
    <subfield code="a">INV-033</subfield>
    <subfield code="b">INV-033</subfield>
    <subfield code="c">GENERAL</subfield>
    <subfield code="d">2018-08-17</subfield>
    <subfield code="f">1a ed. </subfield>
    <subfield code="i">H</subfield>
    <subfield code="k">CSA</subfield>
    <subfield code="o">HC141 C45 1982</subfield>
    <subfield code="p">IIH000024486</subfield>
    <subfield code="r">2018-08-17 00:00:00</subfield>
    <subfield code="t">C:1</subfield>
    <subfield code="y">LIB</subfield>
  </datafield>
</record>
